000 00855cam a2200253 a 4500
001 13920595
005 20180122033329.0
008 050405s2005 nyu b 001 0 eng
010 _a 2005272618
020 _a1587782049 (alk. paper)
020 _a1587789175 (teacher's manual)
040 _aDLC
_cDLC
_dDLC
041 _aeng
043 _an-us---
080 _a174.30973 HAZ
082 0 0 _a174.30973 HAZ
_222
100 _a34
101 _aJUR
245 0 4 _aThe law and ethics of lawyering /
_cby Geoffrey C. Hazard, Jr. ... [et al.].
504 _aIncludes bibliographical references and index.
906 _a7
_bcbc
_corigcop
_d2
_encip
_f20
_gy-gencatlg
942 _2ddc
_cBK
999 _c40623
_d40623